| 000 | 00500nam a2200145Ia 4500 | ||
|---|---|---|---|
| 008 | 230917s9999||||xx |||||||||||||| ||und|| | ||
| 040 |
_e174107 _aMAIN |
||
| 041 | _aEnglish | ||
| 082 | _a891.437731 GM959E | ||
| 100 | _aगुप्ता, मोहन लाल | ||
| 245 | 0 | _aएक उल्लू का सांस्कृतिक चिन्तन | |
| 260 |
_aजोधपुर _bराजस्थानी साहित्य संस्थान |
||
| 300 | _a101 p. | ||
| 942 | _cHN | ||
| 999 |
_c94398 _d94398 |
||